| 000 | 01108cam a2200265 a 4500 | ||
|---|---|---|---|
| 001 | 000011995 | ||
| 005 | 20200929162641.0 | ||
| 008 | 960222s1995 pr a b 000 0 spa | ||
| 020 | _z094234751 | ||
| 040 |
_aDO-SdBNP _bspa _cDLC _dBNPHU |
||
| 082 |
_a398.245 _bO77a |
||
| 100 | 1 |
_aOrtíz Lugo, Julia Cristina. _928390 |
|
| 245 | 1 | 0 |
_aDe arañas, conejos y tortugas : _bpresencia de Africa en la cuentística de tradición oral en Puerto Rico / _cJulia Cristina Ortíz Lugo ; editor, Ricardo E. Alegría. |
| 260 |
_aSan Juan, (Puerto Rico) : _bCentro de Estudios Avanzados de Puerto Rico y el Caribe, _c1995. |
||
| 300 |
_a113 p. : _bil. ; _c23 cm. |
||
| 500 | _aEs la segunda reimpresión de la primera edición del 1995 | ||
| 504 | _aIncluye índice de contenido | ||
| 504 | _aIncluye referencias bibliográficas (p. 105-113). | ||
| 650 | 4 |
_aFolklore _zPuerto Rico _95524 |
|
| 650 | 4 |
_aNegros africanos _zPuerto Rico _xFolklore _928391 |
|
| 650 | 4 |
_aTradición oral _zPuerto Rico _928392 |
|
| 700 | 1 |
_aAlegría, Ricardo E., _eed. _eintr. _916236 |
|
| 910 | _aCatalogación por copia / LC | ||
| 049 | _aBNGR | ||
| 999 |
_c11664 _d11664 |
||